000 00720nam a2200217Ia 4500
001 1538
003 GE_BSU
008 181216s||||||||xx |||||||||||||| ||und||
040 _cGE_BSU
080 _a811.161.1(072)
245 _aМетодика преподавания русского языка в национальной средней школе
245 _bДля студ. пед.ин-тов.
245 _cПод ред. Н.З.Бакеевой; З.П. Даунене
260 _aЛенинград
260 _b,,Просвещение
260 _c1986
300 _a400стр.
541 _h8л.
653 _aМетодика преподавания русского языка
942 _cBK
999 _c35665
_d35665